Juan Salvador Gaviota / (Registro nro. 3576)

Detalles MARC
000 -LEADER
fixed length control field 01392nam a2200313Ia 4500
003 - CONTROL NUMBER IDENTIFIER
control field OSt
005 - DATE AND TIME OF LATEST TRANSACTION
control field 20250729150151.0
008 - FIXED-LENGTH DATA ELEMENTS--GENERAL INFORMATION
fixed length control field 191128t1986 ag o er 000 j spa d
020 ## - INTERNATIONAL STANDARD BOOK NUMBER
International Standard Book Number 9501501450
040 ## - CATALOGING SOURCE
Original cataloging agency CO-JMCR
Transcribing agency CO-JMCR
041 1# - LANGUAGE CODE
Language code of text/sound track or separate title spa
Language code of original eng
082 04 - DEWEY DECIMAL CLASSIFICATION NUMBER
Classification number A-C
Item number BACj
100 1# - MAIN ENTRY--PERSONAL NAME
Personal name Bach, Richard,
Relator term autor
9 (RLIN) 766
245 10 - TITLE STATEMENT
Title Juan Salvador Gaviota /
Statement of responsibility, etc. Richard Bach ; fotografías de Russell Munson ; traducción de Carol y Frederick Howell
260 ## - PUBLICATION, DISTRIBUTION, ETC.
Place of publication, distribution, etc. Buenos Aires :
Name of publisher, distributor, etc. Javier Vergara Editor,
Date of publication, distribution, etc. ©1986
300 ## - PHYSICAL DESCRIPTION
Extent 93 páginas :
Other physical details fotografías a blanco y negro ;
Dimensions 22 cm.
500 ## - GENERAL NOTE
General note Incluye datos biográficos del autor en solapa trasera
500 ## - GENERAL NOTE
General note Título original: Jonathan Livingston Seagull
520 ## - SUMMARY, ETC.
Summary, etc. "Con este cuento, el autor crea una metáfora con las gaviotas, comparando la realidad de los seres humanos. Explica cómo debemos valernos o seguir a nuestro propio instinto, es decir, a pensar por uno mismo sin tener en cuenta la opinión de los demá
546 ## - LANGUAGE NOTE
Language note Traducido del inglés
650 14 - SUBJECT ADDED ENTRY--TOPICAL TERM
Topical term or geographic name entry element Cuentos estadounidenses
9 (RLIN) 767
650 14 - SUBJECT ADDED ENTRY--TOPICAL TERM
Topical term or geographic name entry element Literatura estadounidense
Chronological subdivision Siglo XX
9 (RLIN) 768
650 14 - SUBJECT ADDED ENTRY--TOPICAL TERM
Topical term or geographic name entry element Metáforas en literatura
9 (RLIN) 769
650 24 - SUBJECT ADDED ENTRY--TOPICAL TERM
Topical term or geographic name entry element Solidaridad en la literatura
9 (RLIN) 770
700 1# - ADDED ENTRY--PERSONAL NAME
Personal name Munson, Russell,
Relator term fotógrafo
9 (RLIN) 771
700 1# - ADDED ENTRY--PERSONAL NAME
Personal name Howell, Carol,
Relator term traductora
9 (RLIN) 772
700 1# - ADDED ENTRY--PERSONAL NAME
Personal name Howell, Frederick,
Relator term traductor
9 (RLIN) 773
942 ## - ADDED ENTRY ELEMENTS (KOHA)
Source of classification or shelving scheme Dewey Decimal Classification
Koha item type Books
Existencias
Withdrawn status Lost status Source of classification or shelving scheme Materials specified (bound volume or other part) Damaged status Not for loan Collection code Home library Current library Date acquired Source of acquisition Total Checkouts Total Renewals Full call number Barcode Date last seen Date last checked out Copy number Price effective from Koha item type
    Dewey Decimal Classification Donación -- 05/07/2018 --     Fiction Biblioteca Pública José María del Castillo y Rada Biblioteca Pública José María del Castillo y Rada 07/05/2018 Donación 7 5 A-C BACj1 201807442 12/06/2023 12/06/2023 Ej.1 11/28/2019 Books